The tamil story: (Record no. 146034)

MARC details
000 -LEADER
fixed length control field 00900nam a22002297a 4500
005 - DATE AND TIME OF LATEST TRANSACTION
control field 20180108143903.0
010 ## - LCCN (DPL NO)
LC control number 1718EN-30ENG-122005
020 ## - INTERNATIONAL STANDARD BOOK NUMBER
International Standard Book Number 9789385152757
Terms of availability 799.00
035 ## - SYSTEM CONTROL NUMBER
System control number B-683000-3002
035 ## - SYSTEM CONTROL NUMBER
System control number EN-105537
037 ## - SOURCE OF ACQUISITION
Source of stock number/acquisition Aakar
Stock number dpl
037 ## - SOURCE OF ACQUISITION
Source of stock number/acquisition DBAD/PUB
082 ## - DEWEY DECIMAL CLASSIFICATION NUMBER
Classification number 894.811302080914
082 ## - DEWEY DECIMAL CLASSIFICATION NUMBER
Classification number S
245 ## - TITLE STATEMENT
Title The tamil story:
Statement of responsibility, etc edited by Dilip Kumar; translated by Subashree Krishnaswamy
Remainder of title through the times through the tides /
260 ## - PUBLICATION, DISTRIBUTION, ETC. (IMPRINT)
Place of publication, distribution, etc New Delhi
Name of publisher, distributor, etc TRANQUEBAR PRESS
Date of publication, distribution, etc 2016
270 ## - ADDRESS
Address 93, I Floor, Sham Lal Road, Daryaganj, New Delhi
300 ## - PHYSICAL DESCRIPTION
Extent 572p.
Dimensions 24cm. (Hb)
700 ## - ADDED ENTRY--PERSONAL NAME
Personal name Krishnaswamy, Subashree
942 ## - ADDED ENTRY ELEMENTS (KOHA)
Source of classification or shelving scheme Dewey Decimal Classification
Item type English Books
Classification part 894.811302080914 S
Call number suffix TAM
Holdings
Withdrawn status Lost status Not for loan Collection code Home library Current library Date acquired Source of acquisition Cost, normal purchase price Full call number Barcode Copy number Cost, replacement price Koha item type
      Non-fiction Ashok Vihar Ashok Vihar 08/01/2018 Aakar/I-2013/30.11.2017/BPPD/EN/2017-18/631/20.11.17/14.12.2017 799.00 894.811302080914 TAM B-683001 1 799.00 English Books
      Non-fiction Central Library Central Library 08/01/2018 Aakar/I-2013/30.11.2017/BPPD/EN/2017-18/631/20.11.17/14.12.2017 799.00 894.811302080914 TAM B-683000 1 799.00 English Books
      Fiction Narela Narela 08/01/2018 DBAD/PUB 799.00 S TAM EN-105537 1 799.00 English Books
      Non-fiction R.K.Puram-8 R.K.Puram-8 08/01/2018 Aakar/I-2013/30.11.2017/BPPD/EN/2017-18/631/20.11.17/14.12.2017 799.00 894.811302080914 TAM B-683002 1 799.00 English Books
        R.K.Puram-8 R.K.Puram-8 27/03/2021     894.811302080914 S TAM       English Books

© Delhi Public Library
Hit Counter
free hit counter